Developing World: (Record no. 1225)
[ view plain ]
| 000 -LEADER | |
|---|---|
| fixed length control field | 00528nam a22001817a 4500 |
| 003 - CONTROL NUMBER IDENTIFIER | |
| control field | OSt |
| 005 - DATE AND TIME OF LATEST TRANSACTION | |
| control field | 20240515090231.0 |
| 008 - FIXED-LENGTH DATA ELEMENTS--GENERAL INFORMATION | |
| fixed length control field | 240515b |||||||| |||| 00| 0 eng d |
| 040 ## - CATALOGING SOURCE | |
| Original cataloging agency | KMU |
| Language of cataloging | eng |
| Transcribing agency | KMU |
| Modifying agency | KMU |
| Description conventions | RDA |
| 050 ## - LIBRARY OF CONGRESS CALL NUMBER | |
| Classification number | S496 |
| 245 ## - TITLE STATEMENT | |
| Title | Developing World: |
| Remainder of title | Agriculture/ |
| Statement of responsibility, etc. | Dr Andrew Speedy (editor) |
| 260 ## - PUBLICATION, DISTRIBUTION, ETC. | |
| Place of publication, distribution, etc. | London: |
| Name of publisher, distributor, etc. | Grosvenor Press International. |
| 300 ## - PHYSICAL DESCRIPTION | |
| Extent | 288 p.: |
| Other physical details | ill, chiefly photos; |
| Dimensions | 25 cm. |
| 504 ## - BIBLIOGRAPHY, ETC. NOTE | |
| Bibliography, etc. note | Includes an Index. |
| 650 ## - SUBJECT ADDED ENTRY--TOPICAL TERM | |
| Topical term or geographic name entry element | World- Agriculture |
| 700 ## - ADDED ENTRY--PERSONAL NAME | |
| Personal name | Dr Speedy Andrew |
| 942 ## - ADDED ENTRY ELEMENTS (KOHA) | |
| Source of classification or shelving scheme | Library of Congress Classification |
| Koha item type | Non-Fiction |
| Suppress in OPAC | No |
| Withdrawn status | Lost status | Source of classification or shelving scheme | Damaged status | Not for loan | Collection | Home library | Current library | Shelving location | Date acquired | Source of acquisition | Total Checkouts | Full call number | Barcode | Date last seen | Price effective from | Koha item type |
|---|---|---|---|---|---|---|---|---|---|---|---|---|---|---|---|---|
| Library of Congress Classification | Non-fiction | Kapasa Makasa University | Kapasa Makasa University | Open Access | 15.05.2024 | CBU | S 496 Dev | 722713 | 15.05.2024 | 15.05.2024 | Non-Fiction |